000 00455nam a2200181Ia 4500
005 20250326142617.0
008 250326s9999 xx 000 0 und d
037 _aTextbook
040 _aFMSL
_beng
_cFMSL
041 _aeng
_2eng
084 _qFMSL
100 _aUNDP
_9366297
245 0 _aHuman development Report 1993
_cUNDP
260 _aDelhi
_bDelhi, Oxford univ press
_c1993
300 _a239p
942 _cTB
999 _c1295821
_d1295821